Forty years of the united nations / (Record no. 134017)

MARC details
000 -LEADER
fixed length control field 00656nam a22002177a 4500
005 - DATE AND TIME OF LATEST TRANSACTION
control field 20170124110219.0
010 ## - LIBRARY OF CONGRESS CONTROL NUMBER
LC control number A-318862
020 ## - INTERNATIONAL STANDARD BOOK NUMBER
Terms of availability 00.00
International Standard Book Number 8170620309
035 ## - SYSTEM CONTROL NUMBER
System control number A-318862
037 ## - SOURCE OF ACQUISITION
Source of stock number/acquisition Cen Lib/Ret
040 ## - CATALOGING SOURCE
Original cataloging agency DPL
Language of cataloging EN
082 ## - DEWEY DECIMAL CLASSIFICATION NUMBER
Classification number 341.13
Item number FOR
245 ## - TITLE STATEMENT
Title Forty years of the united nations /
Statement of responsibility, etc edited by U.S. Bajpai
260 ## - PUBLICATION, DISTRIBUTION, ETC. (IMPRINT)
Place of publication, distribution, etc New Delhi
Name of publisher, distributor, etc Lancer International
Date of publication, distribution, etc 1987
270 ## - ADDRESS
Address post box-3802
City New Delhi
Postal code 110049
300 ## - PHYSICAL DESCRIPTION
Extent xii, 215p.
Dimensions 21cm(Hb)
650 ## - SUBJECT ADDED ENTRY--TOPICAL TERM
Topical term or geographic name as entry element History.
Geographic subdivision United Nations
9 (RLIN) 39555
650 ## - SUBJECT ADDED ENTRY--TOPICAL TERM
Topical term or geographic name as entry element Social development
9 (RLIN) 1695
700 ## - ADDED ENTRY--PERSONAL NAME
Personal name Bajpai, U. S.
9 (RLIN) 39557
942 ## - ADDED ENTRY ELEMENTS (KOHA)
Source of classification or shelving scheme Dewey Decimal Classification
Koha item type English Books
Classification part 341.13
Call number suffix FOR
Holdings
Withdrawn status Lost status Damaged status Not for loan Home library Current library Date acquired Source of acquisition Cost, normal purchase price Total Checkouts Full call number Barcode Date last seen Copy number Cost, replacement price Price effective from Koha item type Public note
Written off       Central Library Central Library 28/07/2015 Cen Lib/Ret 0.00   341.13 FOR A-318862 28/07/2015 1 0.00 28/07/2015 English Books Written off on approval by DLB (By Circulation); dtd 15-06-2023

© Delhi Public Library
Hit Counter
free hit counter